Evaluierung des Zusammenhangs von Produktionspotenzial und Budgetsemielastizität im Rahmen der deutschen Schuldenbremse (Record no. 8979)
[ view plain ]
| 000 -LEADER | |
|---|---|
| fixed length control field | 05185nam a22003377u 4500 |
| 001 - CONTROL NUMBER | |
| control field | pwiiw6404 |
| 003 - CONTROL NUMBER IDENTIFIER | |
| control field | OSt |
| 005 - DATE AND TIME OF LATEST TRANSACTION | |
| control field | 20260516120049.0 |
| 008 - FIXED-LENGTH DATA ELEMENTS--GENERAL INFORMATION | |
| fixed length control field | 221103t2022 au ||||| |||||||| ||ger d |
| 040 ## - CATALOGING SOURCE | |
| Transcribing agency | OSt |
| 041 ## - LANGUAGE CODE | |
| Language code of text/sound track or separate title | ger |
| 084 ## - OTHER CLASSIFICATION NUMBER | |
| Classification number | C54 |
| -- | E62 |
| -- | H60 |
| Number source | jelc |
| 100 1# - MAIN ENTRY--PERSONAL NAME | |
| Personal name | Heimberger, Philipp |
| 245 10 - TITLE STATEMENT | |
| Title | Evaluierung des Zusammenhangs von Produktionspotenzial und Budgetsemielastizität im Rahmen der deutschen Schuldenbremse |
| 260 ## - PUBLICATION, DISTRIBUTION, ETC. | |
| Place of publication, distribution, etc. | Wien : |
| Name of publisher, distributor, etc. | Wiener Institut für Internationale Wirtschaftsvergleiche (wiiw), |
| Date of publication, distribution, etc. | 2022. |
| 300 ## - PHYSICAL DESCRIPTION | |
| Extent | 41 S., |
| Other physical details | 22 Tables and 2 Figures, |
| Dimensions | 30cm. |
| 490 1# - SERIES STATEMENT | |
| Series statement | wiiw Research Reports in German Language |
| Volume/sequential designation | 22 |
| 520 ## - SUMMARY, ETC. | |
| Summary, etc. | Evaluierung des Zusammenhangs von Produktionspotenzial und Budgetsemielastizität im Rahmen der deutschen Schuldenbremse<br/><br/>This publication is available in German language only.<br/><br/>For a brief English summary see further below.<br/><br/>Die Konjunkturbereinigung des Budgetsaldos bestimmt im Rahmen der deutschen Schuldenbremse maßgeblich die maximal zulässige Nettokreditaufnahme des Bundes. Die Konjunkturkomponente erfordert eine Schätzung des gesamtwirtschaftlichen Produktionspotenzials in einer konjunkturellen Normallage und der Budgetsemielastizität, wobei letztere die Reaktion der Einnahmen und Ausgaben des Bundes auf eine Änderung in der Produktionslücke misst. Während Modellunsicherheiten und Revisionsanfälligkeiten bei der Schätzung des Produktionspotenzials vielfach dokumentiert sind, bleiben technische Fragen rund um die Budgetsemielastizität bislang vergleichsweise unterbeleuchtet. Im Kontext der Evaluierung der Produktionspotenzialschätzungen im Rahmen der deutschen Schuldenbremse untersucht dieser Beitrag die Sensitivität von Schätzungen der Budgetsemielastizität anhand des relevanten gemeinsamen Ansatzes der Organisation für wirtschaftliche Zusammenarbeit und Entwicklung (OECD) und der Europäischen Kommission, wenn unterschiedliche Schätzungen des Produktionspotenzials (von OECD, Bundesministerium für Wirtschaft und Klimaschutz, Europäischer Kommission und Dezernat Zukunft) herangezogen werden. Die Ergebnisse verweisen darauf, dass unterschiedliche Dateninputs bezüglich des Produktionspotenzials und seiner einzelnen Bestimmungsfaktoren (insbesondere der non-accelerating wage inflation rate of unemployment, kurz: NAWRU) erheblichen Einfluss auf die Basis-Elastizitäten von Einnahmen- und Ausgabenkategorien hinsichtlich einer Änderung der gesamtwirtschaftlichen Aktivität haben können. Dies führt zu Abweichungen in der Budgetsemielastizität: Während die offizielle Punktschätzung bei 0,203 liegt, ist das Minimum unserer Sensitivitätsanalyse bei 0,120 und das Maximum bei 0,241. Die daraus resultierenden Abweichungen in der Schätzung der Konjunkturkomponente beeinflussen die Bestimmung der maximal zulässigen Nettokreditaufnahme des Bundes.<br/><br/>Evaluation of the Relationship between Potential Output and the Budget Semi-Elasticity in the Context of the German Debt Brake<br/><br/>The cyclical adjustment of the budget balance largely determines the maximum permissible net borrowing of the federal government within the framework of the German debt brake. The cyclical component requires an estimate of aggregate potential output in a normal cyclical situation, as well as an estimate of the budget semi-elasticity, the latter measuring the reaction of federal government revenues and expenditures to a change in the output gap. While model uncertainties and revisions in the estimation of potential output have been widely documented, technical issues surrounding the budget semi-elasticity remain comparatively understudied. In the context of the evaluation of potential output estimates used as part of the German debt brake, this paper examines the sensitivity of estimates of the budget semi-elasticity using the relevant joint approach of the Organisation for Economic Co-operation and Development (OECD) and the European Commission. When we use different estimates of potential output (from the OECD, the Federal Ministry for Economic Affairs and Climate Protection, the European Commission and Dezernat Zukunft) and its components (especially the non-accelerating wage inflation rate of unemployment, NAWRU for short), the results indicate that different data inputs can have a significant impact on the basic elasticities of revenue and expenditure categories with regard to a change in aggregate activity. This leads to deviations in the budget semi-elasticity: while the official point estimate is 0.203, the minimum of our sensitivity analysis is 0.120 and the maximum is 0.241. The resulting deviations in the estimate of the cyclical component influence the determination of the maximum permissible net borrowing of the federal government.<br/> |
| 650 ## - SUBJECT ADDED ENTRY--TOPICAL TERM | |
| Topical term or geographic name entry element | Staatsschulden |
| 650 ## - SUBJECT ADDED ENTRY--TOPICAL TERM | |
| Topical term or geographic name entry element | Schuldenbremse |
| 650 ## - SUBJECT ADDED ENTRY--TOPICAL TERM | |
| Topical term or geographic name entry element | Fiskalpolitik |
| 650 ## - SUBJECT ADDED ENTRY--TOPICAL TERM | |
| Topical term or geographic name entry element | Budgetelastizität |
| 650 ## - SUBJECT ADDED ENTRY--TOPICAL TERM | |
| Topical term or geographic name entry element | Einnahmen |
| 650 ## - SUBJECT ADDED ENTRY--TOPICAL TERM | |
| Topical term or geographic name entry element | Ausgaben |
| 651 ## - SUBJECT ADDED ENTRY--GEOGRAPHIC NAME | |
| Geographic name | Germany |
| 690 ## - LOCAL SUBJECT ADDED ENTRY--TOPICAL TERM (OCLC, RLIN) | |
| Topical term or geographic name as entry element | Macroeconomic Analysis and Policy |
| 700 1# - ADDED ENTRY--PERSONAL NAME | |
| Personal name | Schütz, Bernhard |
| 830 #0 - SERIES ADDED ENTRY--UNIFORM TITLE | |
| Volume/sequential designation | 22 |
| Bibliographic record control number | WIIW0000108 |
| Title of a work | wiiw Research Reports in German Language |
| 856 40 - ELECTRONIC LOCATION AND ACCESS | |
| Uniform Resource Identifier | <a href="https://wiiw.ac.at/p-6404.html">https://wiiw.ac.at/p-6404.html</a> |
| 942 ## - ADDED ENTRY ELEMENTS (KOHA) | |
| Koha item type | Paper |
| Withdrawn status | Lost status | Damaged status | Not for loan | Home library | Current library | Shelving location | Date acquired | Inventory number | Total Checkouts | Barcode | Date last seen | Price effective from | Koha item type |
|---|---|---|---|---|---|---|---|---|---|---|---|---|---|
| WIIW | WIIW | Library | 11/03/2022 | pwiiw6404 | 1000010006404 | 11/03/2022 | 11/03/2022 | Paper |
